[Event "Regionalliga NW 9596"]
[Site "Bayern"]
[Date "1996.??.??"]
[Round "?"]
[White "Djeno, Lovro"]
[Black "Leyh, Martin"]
[Result "1-0"]
[WhiteElo "1735"]
[BlackElo "1795"]
[PlyCount "60"]
[EventDate "1995.10.??"]
[EventType "team-tourn"]
[EventRounds "9"]
[EventCountry "GER"]
[SourceTitle "EXT 1999"]
[Source "ChessBase"]
[SourceDate "1998.11.16"]
[SourceVersion "1"]
[SourceVersionDate "1998.11.16"]
[SourceQuality "1"]
[WhiteTeam "Hof SK II"]
[BlackTeam "Sand"]
[WhiteTeamCountry "GER"]
[BlackTeamCountry "GER"]

1. f4 g6 2. Nf3 Bg7 3. e4 d6 4. Bc4 e6 5. 0-0 Ne7 6. Bb3 Nd7 7. c3 b6 8. d4 Bb7 9. Nbd2 0-0 10. Qe1 c5 11. e5 d5 12. g4 Bc8 13. Qg3 f6 14. Rf2 f5 15. g5 Ba6 16. h4 Kf7 17. Rh2 Rc8 18. Qe1 Nc6 19. h5 cxd4 20. Nxd4 Nxd4 21. cxd4 Qe7 22. h6 Bh8 23. Nf3 Rc7 24. Bd2 Rfc8 25. Bc3 Bd3 26. Bb4 Qe8 27. Qe3 Bc2 28. Rxc2 Rxc2 29. Bxc2 Rxc2 30. Bc3 b5 1-0